[Event "Titled Tuesday intern op 24th Sep Early"]
[Site "Chess.com INT"]
[Date "2024.09.24"]
[Round "8"]
[White "Begunov, Konstantin"]
[Black "Tsyhanchuk, Stanislav"]
[Result "0-1"]
[WhiteElo "2325"]
[BlackElo "2273"]
[PlyCount "92"]
[EventDate "2024.09.24"]
[EventType "swiss (blitz)"]
[EventRounds "11"]
[EventCountry "USA"]
[SourceTitle "EXT 2025"]
[Source "ChessBase"]
[SourceDate "2024.10.14"]
[SourceVersion "1"]
[SourceVersionDate "2024.10.14"]
[SourceQuality "1"]

1. d4 d5 2. c4 e6 3. Nc3 Nf6 4. cxd5 exd5 5. Bg5 Be7 6. Qc2 c6 7. e3 Nbd7 8. Bd3 Nh5 9. Bxe7 Qxe7 10. 0-0-0 g6 11. Nf3 Nb6 12. Ne5 Ng7 13. Kb1 Bf5 14. Rc1 0-0-0 15. a4 f6 16. Nf3 Kb8 17. Nd2 Qb4 18. b3 Nc4 19. Rhd1 Na3+ 20. Kb2 Nxc2 21. Bxc2 Bxc2 22. Rxc2 Ne6 23. Rdc1 f5 24. Na2 Qd6 25. b4 Rc8 26. Nb3 b6 27. b5 c5 28. dxc5 Nxc5 29. Nxc5 Rxc5 30. Nb4 Rxc2+ 31. Nxc2 Rc8 32. Rd1 Qc5 33. Rd2 Qc3+ 34. Kc1 Qxd2+ 35. Kxd2 Rc4 36. Nd4 Rxa4 37. Nc6+ Kc7 38. Ne7 Kd6 39. Nc8+ Kc5 40. Kd3 Kxb5 41. h4 Rxh4 42. Nd6+ Ka4 43. Nc8 b5 44. Nxa7 b4 45. Nc6 b3 46. Kc3 Rc4+ 0-1

[Event "Titled Tuesday intern op 24th Sep Early"]
[Site "Chess.com INT"]
[Date "2024.09.24"]
[Round "11"]
[White "Begunov, Konstantin"]
[Black "Vusatiuk, Vladimir"]
[Result "1-0"]
[WhiteElo "2325"]
[BlackElo "2289"]
[PlyCount "58"]
[EventDate "2024.09.24"]
[EventType "swiss (blitz)"]
[EventRounds "11"]
[EventCountry "USA"]
[SourceTitle "EXT 2025"]
[Source "ChessBase"]
[SourceDate "2024.10.14"]
[SourceVersion "1"]
[SourceVersionDate "2024.10.14"]
[SourceQuality "1"]

1. d4 Nf6 2. c4 e6 3. Nf3 Bb4+ 4. Nbd2 0-0 5. a3 Be7 6. e4 d6 7. Bd3 Nfd7 8. 0-0 e5 9. b4 exd4 10. Nxd4 Bf6 11. N2b3 c5 12. Nb5 Bxa1 13. Nxa1 Ne5 14. Be2 a6 15. Nxd6 cxb4 16. axb4 Nbc6 17. Bb2 Ng6 18. Nc2 Qc7 19. c5 Be6 20. f4 Bb3 21. f5 Nge5 22. f6 g6 23. Qd2 Kh8 24. Ne3 Rad8 25. Qc3 Be6 26. Nd5 Bxd5 27. exd5 Nd7 28. dxc6 Qxc6 29. Bf3 Qb5 1-0

[Event "Titled Tuesday intern op 24th Sep Early"]
[Site "Chess.com INT"]
[Date "2024.09.24"]
[Round "10"]
[White "Van Osch, Mees"]
[Black "Begunov, Konstantin"]
[Result "0-1"]
[WhiteElo "2358"]
[BlackElo "2325"]
[PlyCount "70"]
[EventDate "2024.09.24"]
[EventType "swiss (blitz)"]
[EventRounds "11"]
[EventCountry "USA"]
[SourceTitle "EXT 2025"]
[Source "ChessBase"]
[SourceDate "2024.10.14"]
[SourceVersion "1"]
[SourceVersionDate "2024.10.14"]
[SourceQuality "1"]

1. e4 c5 2. Nf3 d6 3. d4 cxd4 4. Nxd4 Nf6 5. Nc3 a6 6. Bc4 e6 7. 0-0 Be7 8. Bb3 0-0 9. Be3 Nbd7 10. f4 Nc5 11. Qf3 Qc7 12. h3 b5 13. Rae1 Bb7 14. Bd2 b4 15. Na4 Ncxe4 16. Bxb4 Nd2 17. Qd3 Nxf1 18. Rxf1 Be4 19. Qe2 d5 20. Bc3 Nd7 21. f5 Nc5 22. Nxc5 Bxc5 23. f6 e5 24. Bxd5 Bxd5 25. Qg4 g6 26. Qg5 Kh8 27. Kh1 Bxg2+ 28. Kxg2 Bxd4 29. Bd2 Qxc2 30. Qh6 Rg8 31. Kh1 Qe4+ 32. Kh2 Rac8 33. Kg3 Rc2 34. Rd1 Qe2 35. Qg5 Qf2+ 0-1

[Event "Titled Tuesday intern op 17th Sep Early"]
[Site "Chess,com INT"]
[Date "2024.09.17"]
[Round "11"]
[White "Provaznik, Michal"]
[Black "Begunov, Konstantin"]
[Result "1/2-1/2"]
[WhiteElo "2081"]
[BlackElo "2325"]
[PlyCount "70"]
[EventDate "2024.09.17"]
[EventType "swiss (blitz)"]
[EventRounds "11"]
[EventCountry "USA"]
[SourceTitle "EXT 2025"]
[Source "ChessBase"]
[SourceDate "2024.10.14"]
[SourceVersion "1"]
[SourceVersionDate "2024.10.14"]
[SourceQuality "1"]

1. e4 c5 2. c3 Nf6 3. e5 Nd5 4. d4 cxd4 5. Nf3 Nc6 6. cxd4 d6 7. exd6 e6 8. Nc3 Bxd6 9. Bd3 Ncb4 10. Bb1 Bd7 11. 0-0 Rc8 12. Re1 Nxc3 13. bxc3 Nd5 14. Bd2 Nxc3 15. Bxc3 Rxc3 16. Qd2 Qc7 17. Ng5 h6 18. Ne4 Bb4 19. a3 Rxa3 20. Qxb4 Rxa1 21. Nd6+ Kd8 22. Nxf7+ Kc8 23. Nxh8 a5 24. Qf8+ Qd8 25. Rc1+ Bc6 26. Qxg7 Kb8 27. d5 Qxd5 28. Nf7 Qd2 29. Qf8+ Kc7 30. Qe7+ Kb8 31. Qf8+ Ka7 32. Qc5+ Ka8 33. Qf8+ Ka7 34. Qc5+ Ka8 35. Qf8+ Ka7 1/2-1/2